000 00554nam a2200193Ia 4500
003 LDD
008 181029s9999 xx 000 0 und d
020 _a8188086444
_c500.00
040 _cLDD
100 _aSaeed, Lubna Fatima
245 0 _aJawaharlal Nehru
_bIndo-Soviet relations
_cLubna Fatima Saeed
260 _aNew Delhi
_bIcon
_c2006
300 _axv, 208p.
365 _b500.00
901 _a3889
_b20-03-2007
902 _aUBS7486
_b29-03-2007
_cF
_dUPPAL
_e0
903 _aDiscount-10
_bReqst by : Jagajeevan, V.K.
942 _2ddc
_cBK
999 _c78919
_d78919